书目信息 |
| 题名: |
中国“十一五”发展战略研究
|
|
| 作者: | 焦锦淼 , 喻新安 主编 ;王建国 , 李太淼 , 闫德民 , 闫恒 副主编 | |
| 分册: | ||
| 出版信息: | 郑州 河南人民出版社 2006.08 |
|
| 页数: | 362页 | |
| 开本: | 23cm | |
| 丛书名: | ||
| 单 册: | ||
| 中图分类: | F123.393 | |
| 科图分类: | ||
| 主题词: | 国民经济计划--五年计划--研究--中国--2006~2010 | |
| 电子资源: | ||
| ISBN: | 7-215-06023-3 | |
| 000 | 01083nam0 2200277 450 | |
| 001 | 003270499 | |
| 005 | 20100816180023.42 | |
| 010 | @a7-215-06023-3@dCNY46.00 | |
| 100 | @a20100515d2006 em y0chiy50 ea | |
| 101 | 0 | @achi |
| 102 | @aCN@b410000 | |
| 105 | @ay z 000yy | |
| 200 | 1 | @a中国“十一五”发展战略研究@Azhong guo “ shi yi wu ” fa zhan zhan lve yan jiu@f焦锦淼, 喻新安主编@Fjiao jin miao,yu xin an zhu bian@g王建国 … [等] 副主编@Gwang jian guo…[deng]fu zhu bian |
| 210 | @a郑州@c河南人民出版社@d2006.08 | |
| 215 | @a362页@d23cm | |
| 330 | @a本书内容包括:中国“十一五”经济发展的指导思想和目标原则、中国“十一五”时期农村经济社会发展战略、中国“十一五”时期区域发展战略等。 | |
| 606 | 0 | @a国民经济计划@x五年计划@x研究@y中国@z2006~2010 |
| 690 | @aF123.393@v4 | |
| 701 | 0 | @a焦锦淼@Ajiao jin miao@4主编 |
| 701 | 0 | @a喻新安@Ayu xin an@4主编 |
| 702 | 0 | @a王建国@Awang jian guo@4副主编 |
| 702 | 0 | @a李太淼@Ali tai miao@4副主编 |
| 702 | 0 | @a闫德民@Ayan de min@4副主编 |
| 702 | 0 | @a闫恒@Ayan heng@4副主编 |
| 801 | 0 | @c20100515 |
| 905 | @dF123.393@eJ665@f3 | |
| 中国“十一五”发展战略研究/焦锦淼, 喻新安主编/王建国 … [等] 副主编.-郑州:河南人民出版社,2006.08 |
| 362页;23cm |
| ISBN 7-215-06023-3:CNY46.00 |
| 本书内容包括:中国“十一五”经济发展的指导思想和目标原则、中国“十一五”时期农村经济社会发展战略、中国“十一五”时期区域发展战略等。 |
| ● |
| 相关链接 |
|
|
|
正题名:中国"十一五"发展战略研究
索取号:F123.393/J665
 
预约/预借
| 序号 | 登录号 | 条形码 | 馆藏地/架位号 | 状态 | 备注 |
| 1 | 1030171 | 210301715 | 社科库409/409社科库 68排4列5层/ [索取号:F123.393/J665] | 在馆 | |
| 2 | 1030172 | 210301724 | 社科库409/409社科库 68排4列5层/ [索取号:F123.393/J665] | 在馆 | |
| 3 | 1030173 | 210301733 | 社科库409/409社科库 68排4列5层/ [索取号:F123.393/J665] | 在馆 |